000 00489nam a2200217Ia 4500
003 OSt
005 20221005115630.0
006 a|||||r|||| 00| 0
007 ta
008 221004b |||||||| |||| 00| 0 kan d
024 _a61394
037 _cTextual
040 _aCRL
_cCRL
_bkan
041 _2kan
_akan
082 _aQ6, 33J8
245 0 _aChrist darshan
260 _c1958
650 _aRELIGION
942 _hQ6, 33J8
_cTEXL
_2cc
999 _c1035454
_d1035454